Quizzes
Events
Quiz Creation
Community
Videos
Private Events
Remove Ads
Sign In
Join for FREE
Feedback
Dark Mode
Quiz Categories
Sports
Geography
Music
Movies
Television
Just For Fun
Miscellaneous
History
Literature
Language
Science
Gaming
Entertainment
Religion
Holiday
For Kids
Quiz Lab
Recent
Popular Today
Quiz Kudos Today
Editor Picks
Curator Picks
Quizzes by...
Day
Popularity
Type
Ratings
Length
Year
Community
Subscriptions
Recent Discussions
Orange Saloon
Badges
Playlists
Quests
Create
Leaderboards
Showdown
Live 5
Trivia Bingo
Activity
Puzzle Library
Sporcle Events
Private Events
Virtual Trivia
Globe League
Become a Host
Pub Owners
SporcleCon
Opinionation
Our Games
Videos
Blog
Mobile Apps
Partnerships
Remove Ads and Go Orange
Feedback
Sports
Athletes
MLB
NBA
NHL
NFL
Soccer
Sports Teams
WWE
NCAA
Football
Premier League
Basketball
Baseball
Hockey
Golf
Tennis
Cricket
Rugby
Auto Racing
Olympics
World Cup
Sports
Athletes
MLB
NBA
NHL
NFL
Soccer
Sports Teams
WWE
NCAA
Football
Premier League
Basketball
Baseball
Hockey
Golf
Tennis
Cricket
Rugby
Auto Racing
Olympics
World Cup
Random Quiz
Search Sporcle
×
Quiz Lab
Quiz Lab
Sports
Type in answers that appear in a list
Type in answers that appear in a list
Classic
Best Score? Go Orange.
Korisliigan ulkomaalaiset 2011-2012 Stats
Can you name the Korisliigassa kaudella 2011-2012 pelanneet ulkomaalaiset?
By
whos_inki
10m
47 Questions
18 Plays
18 Plays
18 Plays
Comments
Comments
Give Quiz Kudos
Give Quiz Kudos
-
- Ratings
hide this ad
Replay
Link that replays current quiz
Next Quiz
Link to next quiz in quiz playlist
You Got
0%
They Got
Avg Score
20%
Avg Friend Score
Upgrade to see
Score Distribution
Jump to the score distribution portion of the page
Score
0/47
Timer
10:00
0
Plays Today
2011-2012
% Correct
KTP-
Basket
Williams
77.8%
Tampereen Pyrintö
Williams
77.8%
Tampereen Pyrintö
Williams
77.8%
Nilan Bisons (FIN-
status)
Jones
66.7%
Salon Vilpas
Jones
66.7%
Nilan Bisons
Zeno
55.6%
UU-
Korihait
Johnson
55.6%
KTP-
Basket (FIN-
status)
Sarcevic
50%
Nilan Bisons
Ivey
44.4%
Nilan Bisons
McDade
38.9%
Salon Vilpas
Fields
33.3%
Joensuun Kataja
Newson
27.8%
Tampereen Pyrintö
Lowe
27.8%
Namika Lahti
Young
22.2%
Kouvot
Gonner
16.7%
KTP-
Basket
Blue
16.7%
Lappeenrannan NMKY
Hamm
16.7%
Lappeenrannan NMKY
Haynes
16.7%
Lappeenrannan NMKY
Tiedeman
16.7%
Namika Lahti
Moore
16.7%
Salon Vilpas
Holloway
16.7%
UU-
Korihait
Moore
16.7%
Kauhajoen Karhu
Hendley
11.1%
KTP-
Basket
Crocker
11.1%
2011-2012
% Correct
Namika Lahti
Bailey
11.1%
Namika Lahti
Brooks
11.1%
ToPo
Wilson
11.1%
Joensuun Kataja
Walker
5.6%
Kauhajoen Karhu
Hannah
5.6%
Kauhajoen Karhu
Reed
5.6%
KTP-
Basket
Bell
5.6%
Namika Lahti
Wright
5.6%
Salon Vilpas
Durham
5.6%
ToPo
Griffin
5.6%
ToPo
Heard
5.6%
ToPo
McIntosh
5.6%
UU-
Korihait
Reaves
5.6%
Joensuun Kataja
Price
0%
Joensuun Kataja
Terwilliger
0%
Kauhajoen Karhu
Beidler
0%
Kouvot
Jordan
0%
Kouvot
Brown
0%
KTP-
Basket
Davis
0%
KTP-
Basket
McCaskill
0%
Salon Vilpas
Hairston
0%
UU-
Korihait
Vanzant
0%
UU-
Korihait
Crouch
0%
Quiz Playlist
Details
Report
Send in Message
Add To Playlist
Classic:
Type in answers that appear in a list
Last Updated: Feb 16, 2017
Quiz Scoreboard
CHALLENGE
Sign Up to Join the Scoreboard
Show All
Scores
Hide
Comments
May contain spoilers
Recently Published
Presidents Visiting Landmarks
by Hejman
History
7m
An Introduction to Baseball
by treessimontrees
Sports
5m
Movies - When Are They Set?
by FPL_Elf
Movies
5m
More to Explore
Quiz From the Vault
Featured Blog Post
Where Did the Easter Bunny Come From?
hide this ad
You Might Also Like...
Tags
This quiz does not have any tags.
Today's Top Quizzes in Sports
Browse Sports
hide this ad
Top Contributed Quizzes in Sports
1
Les meilleurs buteurs des matchs entre le PSG et l’OM
2
2022 World Cup Stars
3
FIFA Club World Cup Champions
4
Les entraîneurs de l'OM et du PSG au 21e siècle
5
Name the Premier League winners with different clubs
6
5-to-1: UK Sports Teams
7
La finale Lions - Afrique du Sud 2021
8
Criteria MLB: Left Handed Sluggers
9
AFC Teams Reveal (Wrong Answers Minefield)
10
England Test cricketers to play under Nasser Hussain
Explore More
Trending Topics
Harry Potter
Crossword
Marvel
NBA
Anime
Kpop
Disney
Puzzle
NFL
Song
WWE
The Office
Pokémon
Country
Soccer
hide this ad
More By:
whos_inki
Quiz
Plays
Rating
Category
Featured
Created
Korisliigan ulkomaalaiset 2011-2012
18
1.00
Sports
Jan 27, 2012
Go to Creator's Profile
Score Distribution
Quiz Creator Spotlight
whos_inki
Follow
Send a Message
Quizzes Created
-
Created Quiz Play Count
-
More By This Creator
Popular Quizzes Today
1
Find the US States - No Outlines Minefield
2
Find the Countries of Europe - No Outlines Minefield
3
The Countries of the World
4
Find the US States
5
Popular People in 1961
6
US States
7
Risky Map Clicking: Biggest States A-Z
8
Movies - When Are They Set?
More Sports Quizzes
1994 NBA Draft - 1st Round
Quiz Lab
Trending Quizzes
Risky Map Clicking: Least Populous States A-Z
1-10 Letter G Words
1-10 Letter F Words
Risky Map Clicking: Next State Alphabetically
Risky Map Clicking: Biggest States A-Z
Recently Updated
Leaping Animals
pecheneg
Reality TV Shows (A-Z)
bhenderson79
Rickey Henderson's Hall of Fame Teammates
pecheneg
Champions League XIs: Arsenal
pecheneg
Quick Pick: Celebrities in WWE's Hall of Fame
aduchscher
A-Z Keypad Blitz II
pecheneg
Multiple Oscar Actors
pecheneg
Mystery Phrase Blitz: Oscar 'Best Actors'
pecheneg
F. Scott Fitzgerald Novels
LTH
Pick 3 Villains
ddd62291
Trending Topics
Harry Potter
Anime
Crossword
Kpop
NBA
Disney
Marvel
Soccer
Puzzle
Pokémon
WWE
Country
Song
NFL
The Office
Your Account Isn't Verified!
In order to create a playlist on Sporcle, you need to verify the email address you used during registration. Go to your
Sporcle Settings
to finish the process.
Report this User
Report this user for behavior that violates our
Community Guidelines
.
Details:
Send Report
Go to the Sporcle.com Mobile Site →
Comments